[Event "European Senior Team Championship 2021"]
[Site "Don Giovanni hotel, Vinohradska 2733, Prague, Czech Republic"]
[Date "2021.09.03"]
[Round "5"]
[Board "4"]
[White "Geibel, Henning"]
[Black "Wagner-Michel, Annett"]
[Result "0-1"]
[WhiteElo "1446"]
[BlackElo "2011"]
[PlyCount "0"]
[EventDate "2021.08.30"]
[EventType "team"]
[EventRounds "9"]
[EventCountry "ECX"]
[WhiteTeam "GERMAN NORTH TEAM"]
[BlackTeam "GERMANY 1 WOMEN"]

1. e4 {[%clk 1:30:55]} c5 {[%clk 1:30:55]} 2. Bc4 {[%clk 1:31:07]} e6
{[%clk 1:30:53]} 3. Nf3 {[%clk 1:31:15]} d5 {[%clk 1:30:48]} 4. exd5
{[%clk 1:31:29]} exd5 {[%clk 1:31:16]} 5. Bb5+ {[%clk 1:31:08]} Nc6
{[%clk 1:31:33]} 6. O-O {[%clk 1:31:00]} Nf6 {[%clk 1:31:46]} 7. Re1+
{[%clk 1:30:29]} Be7 {[%clk 1:32:04]} 8. Ne5 {[%clk 1:30:22]} Qc7
{[%clk 1:32:11]} 9. Nxc6 {[%clk 1:29:48]} bxc6 {[%clk 1:32:27]} 10. Ba4
{[%clk 1:29:37]} Bg4 {[%clk 1:29:47]} 11. f3 {[%clk 1:28:07]} Be6
{[%clk 1:30:01]} 12. d4 {[%clk 1:27:13]} O-O {[%clk 1:24:37]} 13. Bg5 cxd4
{[%clk 1:22:38]} 14. Qxd4 {[%clk 1:26:40]} Qa5 {[%clk 1:19:34]} 15. Bd2
{[%clk 1:23:39]} Bc5 {[%clk 1:16:52]} 16. Bxa5 {[%clk 1:23:21]} Bxd4+
{[%clk 1:17:18]} 17. Kf1 {[%clk 1:23:19]} Bxb2 {[%clk 1:16:56]} 18. Nd2
{[%clk 1:22:54]} Bxa1 {[%clk 1:15:52]} 19. Rxa1 {[%clk 1:23:14]} c5
{[%clk 1:13:48]} 20. Bc7 {[%clk 1:22:06]} Bd7 {[%clk 1:09:20]} 21. Bxd7
{[%clk 1:19:45]} Nxd7 {[%clk 1:08:50]} 22. Bd6 {[%clk 1:18:19]} Rfe8
{[%clk 1:07:37]} 23. Nb3 {[%clk 1:17:54]} Re6 {[%clk 1:02:22]} 24. Bxc5
{[%clk 1:17:29]} Nxc5 {[%clk 1:02:49]} 25. Nxc5 {[%clk 1:17:30]} Rc6
{[%clk 1:03:11]} 26. Nd3 {[%clk 1:16:13]} Rxc2 {[%clk 1:03:25]} 27. Nb4
{[%clk 1:15:45]} Rd2 {[%clk 1:02:05]} 28. a4 {[%clk 1:15:39]} a5 {[%clk 0:55:17]}
29. Nc6 {[%clk 1:15:38]} g6 {[%clk 0:55:23]} 30. Rc1 {[%clk 1:13:56]} Kg7
{[%clk 0:54:41]} 31. Ne5 {[%clk 1:13:21]} Rb8 {[%clk 0:52:45]} 32. h4
{[%clk 1:12:41]} Rbb2 {[%clk 0:52:02]} 33. Ng4 {[%clk 1:12:17]} Rxg2
{[%clk 0:48:19]} 34. Ne3 {[%clk 1:12:03]} Rh2 {[%clk 0:47:27]} 35. Kg1
{[%clk 1:12:19]} d4 {[%clk 0:47:23]} 36. Ng4 {[%clk 1:12:16]} Rbg2+
{[%clk 0:44:16]} 37. Kf1 {[%clk 1:11:57]} Rh1+ {[%clk 0:44:40]} 38. Kxg2
{[%clk 1:12:09]} Rxc1 {[%clk 0:45:08]} 39. Ne5 {[%clk 1:12:15]} Ra1
{[%clk 0:45:21]} 40. Kf2 {[%clk 1:11:55]} Ra2+ {[%clk 0:45:16]} 41. Ke1
{[%clk 1:11:56]} Rxa4 {[%clk 0:45:28]} 42. Kd2 {[%clk 1:12:08]} Ra3
{[%clk 0:45:33]} 43. Ke2 {[%clk 1:12:05]} Re3+ {[%clk 0:45:54]}  0-1

[Event "European Senior Team Championship 2021"]
[Site "Don Giovanni hotel, Vinohradska 2733, Prague, Czech Republic"]
[Date "2021.09.03"]
[Round "5"]
[Board "1"]
[White "Fiser, Jiri"]
[Black "Jeute, Peter"]
[Result "0-1"]
[WhiteElo "1815"]
[BlackElo "1866"]
[PlyCount "0"]
[EventDate "2021.08.30"]
[EventType "team"]
[EventRounds "9"]
[EventCountry "ECX"]
[WhiteTeam "CAISSA ROZTOKY"]
[BlackTeam "DRESDENER SPRINGER"]

1. e4 {[%clk 1:30:57]} d5 {[%clk 1:30:50]} 2. exd5 {[%clk 1:31:21]} Qxd5
{[%clk 1:31:12]} 3. Nc3 {[%clk 1:31:46]} Qa5 {[%clk 1:31:34]} 4. d4
{[%clk 1:32:00]} Nf6 {[%clk 1:31:54]} 5. Bc4 {[%clk 1:32:17]} Bf5
{[%clk 1:31:44]} 6. Bd2 {[%clk 1:28:55]} c6 {[%clk 1:31:56]} 7. Nge2
{[%clk 1:27:38]} e6 {[%clk 1:31:26]} 8. f3 {[%clk 1:16:30]} h6 {[%clk 1:27:38]}
9. Bb3 {[%clk 1:05:18]} Qc7 {[%clk 1:24:57]} 10. Bf4 {[%clk 1:01:41]} Bd6
{[%clk 1:23:15]} 11. Qd2 {[%clk 1:01:39]} Nbd7 {[%clk 1:21:46]} 12. O-O-O
{[%clk 0:57:00]} O-O-O {[%clk 1:20:09]} 13. Bxd6 Qxd6 {[%clk 1:20:12]} 14. Ng3
{[%clk 0:53:05]} Bg6 {[%clk 1:20:04]} 15. Nge4 {[%clk 0:51:17]} Qc7
{[%clk 1:19:25]} 16. g3 {[%clk 0:39:05]} Rhe8 {[%clk 1:14:50]} 17. Qf2
{[%clk 0:38:05]} Kb8 {[%clk 1:13:17]} 18. Rhe1 {[%clk 0:34:14]} Bh5
{[%clk 1:04:53]} 19. Kb1 {[%clk 0:24:35]} Bg6 {[%clk 1:03:20]} 20. h3
{[%clk 0:22:38]} Nh5 {[%clk 0:59:33]} 21. f4 {[%clk 0:22:39]} Nhf6
{[%clk 0:57:53]} 22. Nxf6 {[%clk 0:14:58]} Nxf6 {[%clk 0:55:43]} 23. Re5
{[%clk 0:15:11]} Nd7 {[%clk 0:55:00]} 24. Re2 {[%clk 0:14:47]} Nb6
{[%clk 0:51:29]} 25. Ne4 {[%clk 0:13:35]} Nc8 {[%clk 0:43:44]} 26. Kc1
{[%clk 0:12:47]} Ne7 {[%clk 0:41:00]} 27. Nc5 {[%clk 0:11:53]} Rd6
{[%clk 0:36:48]} 28. Nd3 {[%clk 0:11:39]} Bxd3 29. Rxd3 {[%clk 0:12:05]} Red8
{[%clk 0:36:31]} 30. Re5 {[%clk 0:09:13]} b6 {[%clk 0:33:31]} 31. c3
{[%clk 0:04:32]} c5 {[%clk 0:33:00]} 32. Bc2 {[%clk 0:05:00]} Qb7
{[%clk 0:27:55]} 33. Kd2 {[%clk 0:04:46]} Nc6 {[%clk 0:25:48]} 34. dxc5
{[%clk 0:01:32]} Rxd3+ {[%clk 0:24:43]} 35. Bxd3 {[%clk 0:02:00]} Nxe5
{[%clk 0:25:00]} 36. fxe5 {[%clk 0:02:28]} Qd5 {[%clk 0:24:46]} 37. Qe3
{[%clk 0:02:43]} Qxc5 {[%clk 0:24:06]} 38. Qxc5 {[%clk 0:01:26]} bxc5
{[%clk 0:24:34]} 39. c4 {[%clk 0:01:54]} Kc7 {[%clk 0:23:57]} 40. Kc3
{[%clk 0:01:48]} a5 {[%clk 0:24:08]} 41. b3 {[%clk 0:01:54]} f6 {[%clk 0:24:04]}
42. exf6 {[%clk 0:02:19]} gxf6 {[%clk 0:24:25]} 43. a3 {[%clk 0:02:37]} Rg8
{[%clk 0:23:59]}  0-1

[Event "European Senior Team Championship 2021"]
[Site "Don Giovanni hotel, Vinohradska 2733, Prague, Czech Republic"]
[Date "2021.09.03"]
[Round "5"]
[Board "2"]
[White "Mueckan, Friedbert"]
[Black "Tejkal, Jiri"]
[Result "0-1"]
[WhiteElo "1883"]
[BlackElo "1869"]
[PlyCount "0"]
[EventDate "2021.08.30"]
[EventType "team"]
[EventRounds "9"]
[EventCountry "ECX"]
[WhiteTeam "DRESDENER SPRINGER"]
[BlackTeam "CAISSA ROZTOKY"]

1. e4 {[%clk 1:30:57]} c6 {[%clk 1:30:30]} 2. d4 {[%clk 1:31:18]} d5
{[%clk 1:30:55]} 3. e5 {[%clk 1:31:19]} Bf5 {[%clk 1:30:59]} 4. Nf3
{[%clk 1:30:41]} e6 {[%clk 1:30:53]} 5. Bd3 {[%clk 1:30:11]} Ne7 {[%clk 1:29:39]}
6. O-O {[%clk 1:28:10]} Nd7 {[%clk 1:29:14]} 7. b3 {[%clk 1:22:22]} c5
{[%clk 1:22:28]} 8. c3 {[%clk 1:10:15]} Bxd3 {[%clk 1:14:39]} 9. Qxd3
{[%clk 1:09:48]} Nc6 {[%clk 1:14:11]} 10. Be3 {[%clk 1:00:41]} cxd4
{[%clk 1:10:56]} 11. cxd4 {[%clk 1:00:13]} Rc8 {[%clk 1:04:52]} 12. a3
{[%clk 0:56:48]} Be7 {[%clk 1:03:52]} 13. Nbd2 {[%clk 0:56:13]} O-O
{[%clk 1:00:25]} 14. Rfc1 {[%clk 0:53:49]} f6 {[%clk 0:57:31]} 15. exf6
{[%clk 0:53:04]} Bxf6 {[%clk 0:56:33]} 16. Nf1 {[%clk 0:51:24]} e5
{[%clk 0:44:38]} 17. Qb5 {[%clk 0:50:44]} Nb6 {[%clk 0:41:34]} 18. dxe5
{[%clk 0:43:48]} Nxe5 {[%clk 0:41:40]} 19. Nd4 {[%clk 0:43:18]} Qe7
{[%clk 0:30:33]} 20. a4 {[%clk 0:31:18]} Nc6 {[%clk 0:21:54]} 21. Rd1
{[%clk 0:22:16]} Nxd4 {[%clk 0:19:16]} 22. Bxd4 {[%clk 0:22:37]} Bxd4
{[%clk 0:18:11]} 23. Rxd4 {[%clk 0:22:53]} Qf6 {[%clk 0:17:51]} 24. Rdd1
{[%clk 0:21:29]} Qxf2+ {[%clk 0:17:50]} 25. Kh1 {[%clk 0:21:58]} Rc2
{[%clk 0:17:32]}  0-1

[Event "European Senior Team Championship 2021"]
[Site "Don Giovanni hotel, Vinohradska 2733, Prague, Czech Republic"]
[Date "2021.09.03"]
[Round "5"]
[Board "3"]
[White "Halla, Jiri"]
[Black "Kretschmer, Wolfgang"]
[Result "0-1"]
[WhiteElo "1759"]
[BlackElo "1731"]
[PlyCount "0"]
[EventDate "2021.08.30"]
[EventType "team"]
[EventRounds "9"]
[EventCountry "ECX"]
[WhiteTeam "CAISSA ROZTOKY"]
[BlackTeam "DRESDENER SPRINGER"]

1. e4 {[%clk 1:30:52]} c6 {[%clk 1:30:48]} 2. d4 {[%clk 1:31:13]} d5
{[%clk 1:31:12]} 3. exd5 {[%clk 1:31:33]} cxd5 {[%clk 1:31:36]} 4. Bd3
{[%clk 1:31:49]} Nc6 {[%clk 1:30:41]} 5. c3 {[%clk 1:32:13]} Nf6 {[%clk 1:30:52]}
6. Bf4 {[%clk 1:29:45]} e6 {[%clk 1:27:54]} 7. Nf3 {[%clk 1:26:21]} Bd6
{[%clk 1:23:27]} 8. Bxd6 {[%clk 1:13:51]} Qxd6 {[%clk 1:23:51]} 9. O-O
{[%clk 1:14:07]} O-O {[%clk 1:21:48]} 10. Re1 {[%clk 1:13:46]} a6
{[%clk 1:19:18]} 11. Ne5 {[%clk 1:01:24]} Qc7 {[%clk 1:11:44]} 12. Nd2
{[%clk 1:00:20]} g6 {[%clk 1:06:30]} 13. Ndf3 {[%clk 0:54:04]} Ne8
{[%clk 1:03:22]} 14. h4 {[%clk 0:42:20]} f6 {[%clk 0:55:54]} 15. Nxc6
{[%clk 0:37:44]} bxc6 {[%clk 0:52:05]} 16. Qd2 {[%clk 0:35:34]} Ng7
{[%clk 0:38:14]} 17. Re2 {[%clk 0:34:33]} Nh5 {[%clk 0:34:27]} 18. g3
{[%clk 0:34:39]} Nxg3 {[%clk 0:32:02]} 19. Ree1 {[%clk 0:27:36]} Nh5
{[%clk 0:30:46]} 20. Kh1 {[%clk 0:27:17]} Qf4 {[%clk 0:29:08]} 21. Qxf4
{[%clk 0:20:23]} Nxf4 {[%clk 0:29:35]} 22. Bc2 {[%clk 0:20:42]} a5
{[%clk 0:28:32]} 23. Ba4 {[%clk 0:20:31]} Ra6 {[%clk 0:24:13]} 24. Bc2
{[%clk 0:19:20]} Rb6 {[%clk 0:23:54]} 25. Rab1 {[%clk 0:18:53]} Ba6
{[%clk 0:19:47]} 26. b3 {[%clk 0:18:06]} Kf7 {[%clk 0:19:38]} 27. Kh2
{[%clk 0:15:34]} h6 {[%clk 0:18:31]} 28. Kg3 {[%clk 0:15:17]} Ne2+
{[%clk 0:18:05]} 29. Kh3 {[%clk 0:14:16]} Nxc3 {[%clk 0:17:59]} 30. Rbc1
{[%clk 0:14:17]} Ne2 {[%clk 0:17:12]} 31. Rcd1 {[%clk 0:14:01]} Nf4+
{[%clk 0:15:52]} 32. Kg4 {[%clk 0:13:02]} g5 {[%clk 0:15:58]} 33. Rh1
{[%clk 0:12:57]} h5+ {[%clk 0:14:36]} 34. Kg3 {[%clk 0:13:19]} Ne2+
{[%clk 0:12:20]} 35. Kg2 {[%clk 0:12:00]} g4 {[%clk 0:12:03]} 36. Nh2
{[%clk 0:08:27]} Rb4 {[%clk 0:10:41]} 37. f3 {[%clk 0:08:06]} Nxd4
{[%clk 0:05:23]} 38. Bd3 {[%clk 0:08:15]} Bxd3 {[%clk 0:04:25]} 39. Rxd3
{[%clk 0:08:41]} Nxf3 {[%clk 0:03:12]} 40. Nxf3 {[%clk 0:08:51]} gxf3+
{[%clk 0:03:36]} 41. Kxf3 {[%clk 0:09:07]} a4 {[%clk 0:28:24]} 42. Rc1
{[%clk 0:37:53]} axb3 {[%clk 0:27:08]} 43. axb3 {[%clk 0:38:07]} Rxh4
{[%clk 0:27:17]} 44. Kg3 {[%clk 0:37:52]} Rg4+ {[%clk 0:27:16]} 45. Kh3
{[%clk 0:37:46]} Rc8 {[%clk 0:26:23]} 46. Ra1 {[%clk 0:37:24]} e5
{[%clk 0:24:56]} 47. Ra7+ {[%clk 0:37:45]} Kg6 {[%clk 0:24:50]} 48. Rb7
{[%clk 0:38:02]} c5 {[%clk 0:24:44]} 49. Rxd5 {[%clk 0:37:46]} Rb4
{[%clk 0:23:56]} 50. Rxc5 {[%clk 0:36:23]} Rxb7 {[%clk 0:24:01]} 51. Rxc8
{[%clk 0:36:44]} Rxb3+ {[%clk 0:24:17]} 52. Kh4 {[%clk 0:37:05]} Rb4+
{[%clk 0:24:25]} 53. Kg3 {[%clk 0:37:12]} Kf5 {[%clk 0:24:04]} 54. Rh8
{[%clk 0:37:26]} h4+ {[%clk 0:24:06]} 55. Kf3 {[%clk 0:37:15]} Rb3+
{[%clk 0:23:59]} 56. Kf2 {[%clk 0:36:02]} h3 {[%clk 0:24:16]} 57. Kg1
{[%clk 0:36:02]} e4 {[%clk 0:23:02]} 58. Kh2 {[%clk 0:33:05]} Rf3
{[%clk 0:20:43]} 59. Re8 {[%clk 0:32:57]} e3 {[%clk 0:20:03]} 60. Re7
{[%clk 0:33:00]} Kg6 {[%clk 0:18:38]} 61. Re8 {[%clk 0:32:34]} f5
{[%clk 0:18:32]} 62. Kh1 {[%clk 0:31:22]} f4 {[%clk 0:18:33]} 63. Re7
{[%clk 0:31:24]} Rf2 {[%clk 0:17:12]} 64. Kg1 {[%clk 0:30:52]} Ra2
{[%clk 0:13:42]} 65. Kh1 {[%clk 0:30:25]} e2 {[%clk 0:13:11]} 66. Re8
{[%clk 0:27:08]} Ra1+ {[%clk 0:13:13]}  0-1

[Event "European Senior Team Championship 2021"]
[Site "Don Giovanni hotel, Vinohradska 2733, Prague, Czech Republic"]
[Date "2021.09.03"]
[Round "5"]
[Board "4"]
[White "Baensch, Frank"]
[Black "Macoun, Jiri"]
[Result "0-1"]
[WhiteElo "1682"]
[BlackElo "1718"]
[PlyCount "0"]
[EventDate "2021.08.30"]
[EventType "team"]
[EventRounds "9"]
[EventCountry "ECX"]
[WhiteTeam "DRESDENER SPRINGER"]
[BlackTeam "CAISSA ROZTOKY"]

1. d4 {[%clk 1:30:56]} d5 {[%clk 1:30:43]} 2. Nf3 {[%clk 1:31:17]} Nf6
{[%clk 1:30:55]} 3. Bf4 {[%clk 1:30:41]} e6 {[%clk 1:31:11]} 4. e3
{[%clk 1:30:40]} Bd6 {[%clk 1:31:24]} 5. Bg3 {[%clk 1:29:53]} Bxg3
{[%clk 1:31:15]} 6. hxg3 {[%clk 1:30:08]} Qd6 {[%clk 1:31:08]} 7. a3
{[%clk 1:29:08]} Nbd7 {[%clk 1:31:13]} 8. c4 {[%clk 1:27:47]} dxc4
{[%clk 1:31:22]} 9. Bxc4 {[%clk 1:28:04]} a6 {[%clk 1:31:50]} 10. Nc3
{[%clk 1:27:43]} b5 {[%clk 1:32:01]} 11. Bd3 {[%clk 1:25:46]} Bb7
{[%clk 1:32:25]} 12. Qc2 {[%clk 1:24:47]} g6 {[%clk 1:30:37]} 13. b4
{[%clk 1:23:23]} e5 {[%clk 1:27:56]} 14. Be4 {[%clk 1:19:04]} c6 {[%clk 1:24:13]}
15. Rd1 {[%clk 1:13:08]} Qe7 {[%clk 1:24:03]} 16. Qd3 {[%clk 1:07:58]} O-O
{[%clk 1:22:02]} 17. Ke2 {[%clk 1:03:05]} Rad8 {[%clk 1:19:58]} 18. Qc2
{[%clk 1:02:04]} Nxe4 {[%clk 1:19:53]} 19. Nxe4 {[%clk 1:02:10]} f5
{[%clk 1:19:58]} 20. Neg5 {[%clk 0:59:30]} e4 {[%clk 1:18:24]} 21. Rxh7
{[%clk 0:58:05]} exf3+ {[%clk 1:18:31]} 22. gxf3 {[%clk 0:57:51]} Qxg5
{[%clk 1:18:52]} 23. Rdh1 {[%clk 0:58:04]} Nf6 {[%clk 1:19:05]} 24. Qb3+
{[%clk 0:58:18]} Rd5 {[%clk 1:19:12]} 25. Rxb7 {[%clk 0:56:54]} Re8
{[%clk 1:18:41]} 26. Rh4 {[%clk 0:56:30]} Nd7 {[%clk 1:18:00]} 27. Rxd7
{[%clk 0:56:37]} Qf6 {[%clk 1:18:22]} 28. Rxd5 {[%clk 0:55:41]} Qf7
{[%clk 1:17:21]} 29. Rh1 {[%clk 0:53:30]} cxd5 {[%clk 1:17:42]} 30. Rc1
{[%clk 0:53:41]} Kg7 {[%clk 1:17:10]} 31. Rc6 {[%clk 0:53:41]} f4
{[%clk 1:17:27]} 32. Rd6 {[%clk 0:53:06]} fxe3 {[%clk 1:16:21]} 33. fxe3
{[%clk 0:53:11]} Qc7 {[%clk 1:16:38]} 34. Rxd5 {[%clk 0:51:23]} Qxg3
{[%clk 1:16:55]} 35. Rd7+ {[%clk 0:51:20]} Kh6 {[%clk 1:16:55]} 36. Qd5
{[%clk 0:51:17]} Qg2+ {[%clk 1:16:50]} 37. Kd3 {[%clk 0:50:22]} Qf1+
{[%clk 1:17:03]} 38. Kd2 {[%clk 0:50:28]} Qf2+ {[%clk 1:17:22]} 39. Kd1
{[%clk 0:46:15]} Rxe3 {[%clk 1:15:40]} 40. Rh7+ {[%clk 0:44:11]} Kxh7
{[%clk 1:15:58]} 41. Qf7+ {[%clk 0:44:33]} Kh6 {[%clk 1:15:44]} 42. Qf4+
{[%clk 0:44:53]} Kg7 {[%clk 1:15:53]} 43. Qc7+ {[%clk 0:45:12]} Kf8
{[%clk 1:14:52]} 44. Qd6+ {[%clk 0:45:01]} Kf7 {[%clk 1:14:36]} 45. Qf4+
{[%clk 0:44:22]} Ke6 {[%clk 1:14:30]} 46. Qg4+ {[%clk 0:42:03]} Kd5
{[%clk 1:14:44]} 47. Qd7+ {[%clk 0:42:14]} Kc4 {[%clk 1:14:57]} 48. Qc6+
{[%clk 0:41:22]} Kb3  0-1